000 00940nmm a2200277 a 4500
001 ocm0001864681
003 TR-IsHL
005 20201028172220.0
008 180413s2017 tu tur
007 cr cn
020 _a9786051511825
035 _a1864681
_b(N$T)
050 0 4 _aHV6251.6.A33
_bÜ88 2017
090 0 4 _aHV6251.6.A33
_bÜ88 2017
100 1 _aAkan, Murat
245 1 0 _aÜst akıl: derin iktidarın küresel efendileri
_h[electronic resource] /
_cMurat Akan
260 _aİstanbul :
_bHayat Yayınları,
_c2017
300 _a497 p.
500 _aKaynakça var.
_x
650 4 _aPolitika ve Uluslararası İlişkiler
650 4 _aPolitics and International Relations
650 0 _aKomplo teorileri
650 0 _aConspiracy theories
650 7 _aPOLITICAL SCIENCE / Intelligence & Espionage
_2bisacsh
856 4 0 _uhttp://search.ebscohost.com/login.aspx?direct=true&scope=site&db=e011xww&AN=1864681
999 _c17088
_d17088